Carregant...

AYURVEDIC TREATMENTS OF KERALA

Dades bibliogràfiques
Autor principal: VAYASKARA N. S. MOOSS
Format: Printed Book
Publicat: KOTTAYAM VAIDYA SARATHY 1946
Matèries:
Accés en línia:http://10.26.1.76/ks/007017.pdf
LEADER 00397nam a2200121 4500
999 |c 157014  |d 157010 
100 |a VAYASKARA N. S. MOOSS  |9 73512 
245 |a AYURVEDIC TREATMENTS OF KERALA 
260 |a KOTTAYAM  |b VAIDYA SARATHY  |c 1946 
650 |a DIGITAL BOOK ARCHIVE  |9 73513 
856 |u http://10.26.1.76/ks/007017.pdf 
942 |c KS 
952 |0 0  |1 0  |4 0  |7 0  |9 155478  |a MGUL  |b MGUL  |d 2018-04-07  |l 0  |r 2018-04-07  |w 2018-04-07  |y KS